Groupe de rap français - Statistiques

Statistiques générales
  • Ce quiz a été pris 145 fois
    144 depuis la dernière actualisation
  • Le résultat moyen est 10 sur 16
Statistiques - réponses
Par images Réponse % Correct
IAM
95%
PNL
95%
Suprême NTM
90%
Sexion d'Assaut
79%
Djadja et Dinaz
76%
Lunatic
68%
13'Organisé
66%
4Keus
65%
113
63%
S-Crew
63%
Team BS
62%
Caballero et JeanJass
59%
13 Block
51%
DTF
46%
Fonky Family
25%
GUIRRI MAFIA
25%
Aucun quiz correspondant
Distribution des résultats
% des personnes avec chaque résultat
Percentile par nombre de réponses
Votre historique - résultats
Vous n’avez pas pris ce quiz depuis la dernière actualisation